Biblioteca y Centro de Documentación

Vista normal Vista MARC

Entrada Término de materia

Número de registros utilizados en: 47

001 - NÚMERO DE CONTROL

  • Campo de control: 30163

003 - IDENTIFICADOR DE NÚMERO DE CONTROL

  • Campo de control: ES-MaCES

005 - FECHA Y HORA DE LA ULTIMA MODIFICACION

  • Campo de control: 19981120142400.0

008 - ELEMENTOS DE DATOS DE LONGITUD FIJA

  • Campo de longitud fija: 981120 | azznnbabn || ana d

035 ## - NÚMERO DE CONTROL DEL SISTEMA

  • Número de control del sistema: (ILOT)3218

035 ## - NÚMERO DE CONTROL DEL SISTEMA

  • Número de control del sistema: CES19980039697s

040 ## - FUENTE DE LA CATALOGACIÓN

  • Agencia original de catalogación: ES-MaCES
  • Idioma de catalogación: spa
  • Agencia de transcripción: ES-MaCES

072 #7 - CÓDIGO DE CATEGORIA DE MATERIA

  • Código de categoría temática: 13.11.1
  • Fuente del código: ilot

150 ## - ENCABEZAMIENTO--MATERIA

  • Término de materia o geográfico como elemento de entrada: clasificación de ocupaciones

550 ## - TRAZADO VEÁSE ADEMÁS--MATERIA

  • Término de materia o nombre geográfica como elemento de entrada: CIUO

550 ## - TRAZADO VEÁSE ADEMÁS--MATERIA

  • Término de materia o nombre geográfica como elemento de entrada: clasificación de empleos

550 ## - TRAZADO VEÁSE ADEMÁS--MATERIA

  • Término de materia o nombre geográfica como elemento de entrada: descripción de ocupaciones

550 ## - TRAZADO VEÁSE ADEMÁS--MATERIA

  • Término de materia o nombre geográfica como elemento de entrada: ocupación

750 #7 - ENTRADA DE ENLACE DE ENCABEZAMIENTO ESTABLECIDO--MATERIA

  • Término de materia o nombre geográfico como elemento de entrada: classification des professions
  • Fuente del encabezamiento o término: tbit

750 #7 - ENTRADA DE ENLACE DE ENCABEZAMIENTO ESTABLECIDO--MATERIA

  • Término de materia o nombre geográfico como elemento de entrada: occupational classification
  • Fuente del encabezamiento o término: ilot

901 ## - CES. DATOS SIRTEX

  • ID Sirtex (N5N8): 0007700003969
  • 005BIS Sirtex: 199811201424BATCH

903 ## - CES. DATOS ATES

  • Fecha de incorporación 1978: 20/12/88
© CES, Consejo Económico y Social de España 2021